| 000 | 00855nam a2200241 a 4500 | ||
|---|---|---|---|
| 003 | OSt | ||
| 005 | 20130617134828.0 | ||
| 008 | 130617s1990 sz ||||| |||| 00| 0 spa d | ||
| 020 | _a92 4 320795 4 | ||
| 040 | _cBiblioteca Medicina | ||
| 041 | _aspa | ||
| 082 | _aOMS IT 795 | ||
| 110 |
_aOrganizacion Mundial de la Salud _91006 |
||
| 245 | 0 | 0 |
_aEleccion apropiada de tecnicas de diagnostico por imagen en la practica clinica. _bInforme de un Grupo Cientifico de la OMS |
| 250 | _a1° ed. | ||
| 260 |
_aGinebra _bOrganizacion Mundial de la Salud _c1990 |
||
| 300 | _a148 p. | ||
| 440 | 0 | 0 |
_aSerie de Informes Tecnicos _n795 _92443 |
| 653 | _aDIAGNOSTICO POR IMAGEN-METODOS | ||
| 653 | _aDIAGNOSTICO POR IMAGEN-TECNICAS | ||
| 942 |
_2ddc _cPH |
||
| 999 |
_c1504 _d1504 |
||
| 952 |
_pH0025 _40 _00 _bBFM _10 _oOMS IT 795 _d2013-06-17 _tEj. 1 _8NFIC _70 _cCR _2ddc _yPH _aBFM |
||